The Pentagon spy / (Record no. 14608)
[ view plain ]
| 000 -LEADER | |
|---|---|
| fixed length control field | 02046pam a2200349 i 4500 |
| 001 - CONTROL NUMBER | |
| control field | B-265082-087 |
| 005 - DATE AND TIME OF LATEST TRANSACTION | |
| control field | 19800908000000.0 |
| 008 - FIXED-LENGTH DATA ELEMENTS--GENERAL INFORMATION | |
| fixed length control field | 791105s1980 nyua j 000 1 eng |
| 010 ## - LIBRARY OF CONGRESS CONTROL NUMBER | |
| LC control number | B-265082-087 |
| 020 ## - INTERNATIONAL STANDARD BOOK NUMBER | |
| International Standard Book Number | 0448436981 |
| 035 ## - SYSTEM CONTROL NUMBER | |
| System control number | B-265082-087 |
| 040 ## - CATALOGING SOURCE | |
| Original cataloging agency | DPL |
| 082 ## - DEWEY DECIMAL CLASSIFICATION NUMBER | |
| Classification number | S |
| 100 ## - MAIN ENTRY--PERSONAL NAME | |
| Personal name | Dixon, Franklin W. |
| 245 ## - TITLE STATEMENT | |
| Title | The Pentagon spy / |
| Statement of responsibility, etc | Franklin W. Dixon |
| 260 ## - PUBLICATION, DISTRIBUTION, ETC. (IMPRINT) | |
| Place of publication, distribution, etc | New York : |
| Name of publisher, distributor, etc | Grosset & Dunlap |
| Date of publication, distribution, etc | 2005 |
| 300 ## - PHYSICAL DESCRIPTION | |
| Extent | 182 p. : |
| Other physical details | ill. ; |
| Dimensions | 20 cm (Hb) |
| 490 ## - SERIES STATEMENT | |
| Series statement | The Hardy boys mystery stories ; 61 |
| 520 ## - SUMMARY, ETC. | |
| Summary, etc | Valuable antique weathervanes are being stolen in the Pennsylvania Dutch country. A Navy employee removes a top secret document from the Pentagon. The Hardy brothers try to solve these two seemingly unrelated mysteries. |
| 650 ## - SUBJECT ADDED ENTRY--TOPICAL TERM | |
| Topical term or geographic name as entry element | Mystery and detective stories. |
| 700 ## - ADDED ENTRY--PERSONAL NAME | |
| Personal name | Morrill, Leslie H. |
| 942 ## - ADDED ENTRY ELEMENTS (KOHA) | |
| Source of classification or shelving scheme | Dewey Decimal Classification |
| Koha item type | Children Books |
| Classification part | S |
| Call number suffix | DIX |
| Withdrawn status | Lost status | Damaged status | Not for loan | Collection code | Home library | Current library | Date acquired | Cost, normal purchase price | Total Checkouts | Full call number | Barcode | Date last seen | Copy number | Cost, replacement price | Price effective from | Koha item type | Date checked out | Source of classification or shelving scheme | Total Renewals | Source of acquisition |
|---|---|---|---|---|---|---|---|---|---|---|---|---|---|---|---|---|---|---|---|---|
| Fiction | Bawana | Bawana | 28/07/2008 | 135.00 | 2 | S DIX | B-265086 | 01/04/2024 | 1 | 135.00 | 15/09/2008 | Children Books | 12/03/2024 | Dewey Decimal Classification | ||||||
| Fiction | Central Library | Central Library | 28/07/2008 | 135.00 | S DIX | B-265082 | 15/09/2008 | 1 | 135.00 | 15/09/2008 | Children Books | |||||||||
| Fiction | Patel Nagar | Patel Nagar | 28/07/2008 | 135.00 | 1 | S DIX | B-265083 | 06/08/2019 | 1 | 135.00 | 15/09/2008 | Children Books | 09/07/2019 | |||||||
| Fiction | Peshwa Road | Peshwa Road | 28/07/2008 | 135.00 | S DIX | B-265084 | 15/09/2008 | 1 | 135.00 | 15/09/2008 | Children Books | |||||||||
| Fiction | Sarojini Nagar | Sarojini Nagar | 28/07/2008 | 135.00 | 3 | S DIX | B-265085 | 30/05/2026 | 1 | 135.00 | 15/09/2008 | Children Books | 14/05/2026 | |||||||
| Fiction | Shahdara Branch | Shahdara Branch | 28/07/2008 | 135.00 | 2 | S DIX | B-265087 | 14/07/2023 | 1 | 135.00 | 15/09/2008 | Children Books | 09/06/2023 | 2 | ||||||
| Fiction | Vinoba Puri | Vinoba Puri | 08/09/2008 | 135.00 | 5 | S DIX | B-284731 | 24/04/2023 | 1 | 135.00 | 15/09/2008 | Children Books | 10/04/2023 | Blueberry/4571/19.8.08/192/21.7.08/19.8.08 |
